000 00493nam a2200169Ia 4500
008 110201s9999 xx 000 0 und d
082 _bB4633
_aKS 811
100 _aभावे पु.भा.
245 _aकथा मंथन
260 _bनवचैतन्य प्रकाशन
365 _b100
600 _aभावे पु.भा.
630 _aकथा मंथन
700 _aभावे पु.भा.
730 _aकथा मंथन
942 _cBOOK
999 _c830885
_d830882